Library Banner

The peasant and the raj (Record no. 71915)

MARC details
000 -LEADER
fixed length control field 00404nam a22001577a 4500
005 - DATE AND TIME OF LATEST TRANSACTION
control field 20150514154330.0
008 - FIXED-LENGTH DATA ELEMENTS--GENERAL INFORMATION
fixed length control field 150514b xxu||||| |||| 00| 0 eng d
020 ## - INTERNATIONAL STANDARD BOOK NUMBER
International Standard Book Number 0521297702
040 ## - CATALOGING SOURCE
Transcribing agency PK-LaUMT
082 ## - DEWEY DECIMAL CLASSIFICATION NUMBER
Classification number KHC 306.32
Item number STO-P
100 ## - MAIN ENTRY--PERSONAL NAME
Personal name Stokes, Eirc
245 ## - TITLE STATEMENT
Title The peasant and the raj
Statement of responsibility, etc Eric Stokes
260 ## - PUBLICATION, DISTRIBUTION, ETC. (IMPRINT)
Place of publication, distribution, etc London
Name of publisher, distributor, etc Cambridge university press
Date of publication, distribution, etc 1978
300 ## - PHYSICAL DESCRIPTION
Extent 308 p.
942 ## - ADDED ENTRY ELEMENTS (KOHA)
Koha item type Books
Holdings
Withdrawn status Lost status Damaged status Home library Current library Date acquired Full call number Barcode Date last seen Price effective from Koha item type
      UMT Main Campus UMT Main Campus 2015-05-14 KHC 306.32 STO-P 73896 2015-05-14 2015-05-14 Books